000 00580cam a22002291 4500
001 7931552
003 OSt
005 20230731092703.0
008 760301s1957 nyu 000 0 eng
010 _a 56012641
035 _a(OCoLC)2023478
040 _aDLC
_cMMeT
_dDLC
042 _apremarc
082 _a370
_bKAB
100 0 _aHumayun Kabir,
_d1906-1969.
245 1 0 _aEducation in new India.
260 _aNew York,
_bHarper
_c[1957]
300 _a212p.
_c23cm.
650 0 _aEducation
_zIndia.
906 _a7
_bcbc
_coclcrpl
_du
_encip
_f19
_gy-gencatlg
942 _2ddc
_cBK
999 _c3995
_d3995